000 00664nam a2200205Ii 4500
003 JO-AjNU
008 230605s9999||||xx |||||||||||||| ||und||
040 _aJO-AjNU
_bara
_erda
_cJO-AjNU
041 _aara
050 1 4 _aPJ7510.F2
100 3 _aالفاخوري، حنا,
_eauthor
_959394
245 0 0 _aتاريخ الأدب العربي
250 _aط8
264 3 1 _aبيروت: المطبعة البوليسية، 1900
300 _a1116ص
_bيشتمل على صور توضيحية
336 _atext
_btxt
_2rdacontent
337 _aunmediated
_bn
_2rdamedia
338 _avolume
_bnc
_2rdacarrier
650 4 _aادب عربي-تاريخ ونقد
_959395
999 _aA26725
_c30293
_d30293